Who Am I(soccer version) - Statistics

General Stats
  • This quiz has been taken 29 times
  • The average score is 3 of 10
Answer Stats
Clue Answer % Correct
Dani Alves, Ever Banega, Xavi Messi
81%
Mathijs De Ligt, Karim Benzema, Renato Sanches Ronaldo
57%
Harry Kane, Jan Cuadrado, Toby Alderweireld Sanchez
52%
Andriy Yarmelenko, David Silva, Gabriel Jesus Zinchenko
38%
Fabian Delph, Trent Alexander-Arnold, Richarlison Pickford
33%
Dusan Tadic, Idrissa Gana Gueye, James Milner Mane
14%
Toni Kroos, Sergio Aguero, Jan Huntelaar Sane
10%
Xherdan Shaqiri, Vincent Kompany, Sam Clucas Bony
0%
Callum Wilson, Duncan Watmore, Josh King Defoe
0%
Jesus Navas, David Neres, Virgil Van Dijk Promes
0%
No matching quizzes found
Score Distribution
Percent of People with Each Score
Percentile by Number Answered
Your Score History
You have not taken this quiz